00589nam a2200181Ia 4500008004100000041000800041082001900049100002500068245002000093250001200113260002400125300000800149365001600157700003300173906003400206999001900240952014800259230718s9999 xx 000 0 und d aeng a621.3815 bNAR aKharale G.K.9123513 aAnalog Circuits a3rd ed. c1998bTechnical Pub a585 cRs.b215.00 aKharale G.K. & Narkhede S.S. dB:58228-Jan-1999cETC b32.25 c298269d298269 01104070aCCEPbCCEPd1999-01-28eTbsfETC g182.75i582o621.3815 pCCEP-BK-9475r2023-07-18 00:00:00t32.25v215.00w1999-01-28yBKz009475